| 000 | 00882nam a22002531 4500 | ||
|---|---|---|---|
| 001 | 141921 | ||
| 003 | ES-MaACL | ||
| 005 | 20230906200411.0 | ||
| 007 | t| | ||
| 008 | 071001s1955 sp ||||0| spa d | ||
| 080 | _a929 Ramón y Cajal, Santiago | ||
| 100 | 1 |
_aWilliams, Harley. _9116926 |
|
| 245 | 1 | 0 |
_aDon Quijote del microscopio : _buna interpretación del sabio español Santiago Ramón y Cajal (1854-1934) / _cHarley Williams ; [versión española Palmira Abelló]. |
| 250 | _a1ª ed. | ||
| 260 |
_aMadrid : _bTaurus, _c1955. |
||
| 300 |
_a229 p. ; _c19 cm. |
||
| 490 | 1 |
_aCon el tiempo ; _v3 |
|
| 504 | _aBibliografía: p. 227-229. | ||
| 600 | 1 | 4 |
_aRamón y Cajal, Santiago, _d1852-1934- _xBiografías _995228 |
| 700 | 1 |
_aAbelló, Palmira, _d1934- _918079 |
|
| 830 | 1 |
_aCon el tiempo ; _v3 _9183469 |
|
| 852 |
_aES-MaACL _jC-9711 |
||
| 999 |
_c141921 _d141921 |
||